000 00280nam a2200121Ia 4500
100 _aCoimbatore Inst of Tech
942 _cBK
654 _aManufacturing systems
245 _aIntelligent Manufacturing Systems
260 _bCIT
_aNONE
_c1998
546 _aENGLISH
999 _c20159
_d20159